000 00376nam a2200133Ia 4500
008 240624s9999 xx 000 0 und d
041 _aeng
082 _a370.942 ARO
100 _aARORA SWARANJEET
245 _aQUALITY EDUCATION ENTREPRENEURSHIP AND E
260 _c2016
_aPractices for Social ChangeNew Delhi
_bExcel Books
300 _axxiii, 528 p.; 23 cm.
365 _cRS
999 _c30261
_d30261